| 000 | 00594nam a2200205 u 4500 | ||
|---|---|---|---|
| 005 | 20210223131357.0 | ||
| 008 | 100906s2000 r 000 0 eng d | ||
| 020 | _a9993420034 | ||
| 035 | _aUPN01000177690 | ||
| 049 | _aCG | ||
| 050 | 4 |
_aGR121 H3 _bP7.2 |
|
| 100 | 1 |
_aPrice-Mars, Jean, _d1876-1969 |
|
| 245 | 1 | 0 |
_aAsí habló el tío / _cJean Price-Mars. |
| 260 |
_aSanto Domingo : _bManatí, _c2000. |
||
| 300 | _a276 p. | ||
| 440 | 0 |
_aLiteratura caribeña. _pLa otra orilla |
|
| 650 | 4 |
_aFOLKLORE - _zHAITI _918871 |
|
| 651 | 4 |
_aHAITI - _xVIDA SOCIAL Y COSTUMBRES _918872 |
|
| 905 | _aLibro | ||
| 999 |
_c149793 _d149793 |
||